00478cam a22001337a 4500008004000000082001500040100001900055245008700074260003000161300001000191650003800201999001900239952008600258180718b1977 xxu||||| |||| 00| 0 eng d aA72x47 Us5 aUsmani, Shaukt aHistoric trips of a revolutionary :(Sojourn in the Soviet Union)cby Shaukt Usmani aNew DelhibSterlingc1977 a148p. aU.S.S.R. - Description and travel c355830d355830 00104070aIIPAbIIPAd1993-12-24oA72x47 Us5p52174r2018-07-21w2018-07-21yBK